Heartland & hinterland : (Record no. 559)
[ view plain ]
| 000 -LEADER | |
|---|---|
| fixed length control field | 01041cam a2200301 a 4500 |
| 003 - CONTROL NUMBER IDENTIFIER | |
| control field | CaOONL |
| 005 - DATE AND TIME OF LATEST TRANSACTION | |
| control field | 20210615104608.0 |
| 008 - FIXED-LENGTH DATA ELEMENTS--GENERAL INFORMATION | |
| fixed length control field | 970625s1998 oncab 001 eng c |
| 020 ## - INTERNATIONAL STANDARD BOOK NUMBER | |
| International Standard Book Number | 013839671X : |
| 040 ## - CATALOGING SOURCE | |
| Transcribing agency | CaOTU |
| 050 ## - LIBRARY OF CONGRESS CALL NUMBER | |
| Classification number | HC113 |
| Item number | .H42 1998 |
| 090 ## - LOCALLY ASSIGNED LC-TYPE CALL NUMBER (OCLC); LOCAL CALL NUMBER (RLIN) | |
| Classification number (OCLC) (R) ; Classification number, CALL (RLIN) (NR) | HC113 |
| Local cutter number (OCLC) ; Book number/undivided call number, CALL (RLIN) | .H42 1998 |
| 245 00 - TITLE STATEMENT | |
| Title | Heartland & hinterland : |
| Remainder of title | a regional geography of Canada / |
| Statement of responsibility, etc. | edited by Larry McCann, Angus Gunn. |
| 250 ## - EDITION STATEMENT | |
| Edition statement | 3rd ed. |
| 260 ## - PUBLICATION, DISTRIBUTION, ETC. | |
| Place of publication, distribution, etc. | Scarborough, Ont. : |
| Name of publisher, distributor, etc. | Prentice Hall Canada, |
| Date of publication, distribution, etc. | 1998. |
| 300 ## - PHYSICAL DESCRIPTION | |
| Extent | xxii, 440 p. : |
| Other physical details | ill. (some col.), maps (some col.) ; |
| Dimensions | 26 cm. |
| 500 ## - GENERAL NOTE | |
| General note | Maps on end papers. |
| 504 ## - BIBLIOGRAPHY, ETC. NOTE | |
| Bibliography, etc. note | Includes bibliographical references and index. |
| 650 #0 - SUBJECT ADDED ENTRY--TOPICAL TERM | |
| Topical term or geographic name entry element | Regionalism |
| Geographic subdivision | Canada. |
| 700 1# - ADDED ENTRY--PERSONAL NAME | |
| Personal name | McCann, L. D. |
| Fuller form of name | (Lawrence Douglas), |
| Dates associated with a name | 1945- |
| 700 1# - ADDED ENTRY--PERSONAL NAME | |
| Personal name | Gunn, Angus M. |
| Fuller form of name | (Angus MacLeod), |
| Dates associated with a name | 1920- |
| 942 ## - ADDED ENTRY ELEMENTS (KOHA) | |
| Source of classification or shelving scheme | |
| Koha item type | Book |
| Suppress in OPAC | SO |
| 945 ## - LOCAL PROCESSING INFORMATION (OCLC) | |
| a | HC113.H42 1998 |
| i | 30020003158732 |
| l | 010101 |
| t | 00 |
| y | ABF-4849 |
| Withdrawn status | Lost status | Source of classification or shelving scheme | Damaged status | Not for loan | Permanent Location | Current Location | Shelving location | Date acquired | Total Checkouts | Full call number | Barcode | Date last seen | Price effective from | Koha item type | Public note |
|---|---|---|---|---|---|---|---|---|---|---|---|---|---|---|---|
| AU LIBRARY | AU LIBRARY | Open Shelf | 15.06.2021 | HC113 .H42 1998 | 28002726 | 15.06.2021 | 15.06.2021 | Book | SO |